| 000 -LEADER | |
|---|---|
| fixed length control field | 00885cam a2200265 i 4500 |
| 001 - CONTROL NUMBER | |
| control field | 19377433 |
| 003 - CONTROL NUMBER IDENTIFIER | |
| control field | OSt |
| 005 - DATE AND TIME OF LATEST TRANSACTION | |
| control field | 20250224105846.0 |
| 008 - FIXED-LENGTH DATA ELEMENTS--GENERAL INFORMATION | |
| fixed length control field | 161117r20182013at a b 001 0 eng |
| 010 ## - LIBRARY OF CONGRESS CONTROL NUMBER | |
| LC control number | 2016960054 |
| 020 ## - INTERNATIONAL STANDARD BOOK NUMBER | |
| International Standard Book Number | 9781337102087 |
| 040 ## - CATALOGING SOURCE | |
| Original cataloging agency | DLC |
| Language of cataloging | eng |
| Description conventions | rda |
| Transcribing agency | KCST |
| 042 ## - AUTHENTICATION CODE | |
| Authentication code | pcc |
| 050 00 - LIBRARY OF CONGRESS CALL NUMBER | |
| Classification number | QA76.73.C153 |
| Item number | M268 2018 |
| 082 00 - DEWEY DECIMAL CLASSIFICATION NUMBER | |
| Classification number | 005.133 |
| Edition information | 23 |
| Item number | Ma Cp |
| 100 1# - MAIN ENTRY--PERSONAL NAME | |
| Personal name | Malik, D. S., |
| Relator term | author. |
| 9 (RLIN) | 5376 |
| 245 10 - TITLE STATEMENT | |
| Title | C++ programming : from problem analysis to program design / |
| Remainder of title | from problem analysis to program design / |
| Statement of responsibility, etc. | D.S. Malik. |
| 246 3# - VARYING FORM OF TITLE | |
| Title proper/short title | C plus plus programming |
| 250 ## - EDITION STATEMENT | |
| Edition statement | Eighth edition. |
| 260 #1 - PUBLICATION, DISTRIBUTION, ETC. | |
| Place of publication, distribution, etc. | Australia ; |
| -- | Boston, MA : |
| Name of publisher, distributor, etc. | Cengage Learning, |
| Date of publication, distribution, etc. | [2018] |
| 300 ## - PHYSICAL DESCRIPTION | |
| Extent | xlvi, 1438 pages : |
| Other physical details | color illustrations ; |
| Dimensions | 23 cm |
| 500 ## - GENERAL NOTE | |
| General note | Includes bibliographical references and index. |
| 650 #0 - SUBJECT ADDED ENTRY--TOPICAL TERM | |
| Topical term or geographic name entry element | C++ (Computer program language) |
| 9 (RLIN) | 162 |
| 942 ## - ADDED ENTRY ELEMENTS (KOHA) | |
| Source of classification or shelving scheme | Dewey Decimal Classification |
| Koha item type | Course Textbook |
| Withdrawn status | Lost status | Source of classification or shelving scheme | Damaged status | Not for loan | Home library | Current library | Date acquired | Source of acquisition | Cost, normal purchase price | Total checkouts | Full call number | Barcode | Date last seen | Date last checked out | Cost, replacement price | Price effective from | Koha item type |
|---|---|---|---|---|---|---|---|---|---|---|---|---|---|---|---|---|---|
| Dewey Decimal Classification | KCST Library | KCST Library | 07/11/2021 | KCSTFIN/ACA/LIB/0009/20-21 | 28.50 | 2 | 005.133 Ma Cp | 1000000854 | 01/02/2024 | 06/09/2023 | 28.50 | 07/11/2021 | Course Textbook | ||||
| Dewey Decimal Classification | KCST Library | KCST Library | 20/09/2023 | KCSTFIN/ACA/LIB/0019/22-23 - KCST-INV003 | 21.50 | 005.133 Ma Cp | 1000001209 | 08/10/2023 | 21.50 | 08/10/2023 | Course Textbook | ||||||
| Dewey Decimal Classification | KCST Library | KCST Library | 01/09/2025 | COSTHE-PO-000591 | 24.86 | 005.133 Ma Cp | 1000001644 | 26/11/2025 | 01/09/2025 | Course Textbook |